00000000cam 2200000zi 4500
0019.962707
003CaOODSP
00520260511133339
006m     o  d f      
007cr bn|||||||||
008260511s2026    onc     ol   f000 0 eng d
040 |aCaOODSP|beng|erda|cCaOODSP
0410 |aeng|afre
043 |an-cn---
0861 |aXB451-230/3-PDF
1101 |aCanada. |bParliament. |bHouse of Commons, |eissuing body.
24513|aAn Act to amend the Financial Administration Act and to make consequential amendments to other Acts (debt forgiveness registry) = |bLoi modifiant la Loi sur la gestion des finances publiques et d'autres lois en conséquence (registre de créances visées par une renonciation).
24611|aLoi modifiant la Loi sur la gestion des finances publiques et d'autres lois en conséquence (registre de créances visées par une renonciation)
264 1|a[Ottawa] : |bHouse of Commons of Canada = Chambre des communes du Canada, |c2026.
300 |a1 online resource (ii, 4 pages).
336 |atext|btxt|2rdacontent
337 |acomputer|bc|2rdamedia
338 |aonline resource|bcr|2rdacarrier
4901 |aBill C-... ; |vBill C-230, 1st Session, 45th Parliament
500 |a"First Session, Forty-fifth Parliament, 3-4 Charles III, 2025-2026."
500 |a"Bill C-230."
500 |a"As passed by the House of Commons, May 7, 2026."
500 |a"451037."
520 |a"This enactment amends the Financial Administration Act to require that the President of the Treasury Board establish and maintain a public registry of large debts and obligations owed by certain entities to His Majesty, as well as claims by His Majesty against such entities, that have been remitted, forgiven, written off or waived. It also makes consequential amendments to other Acts"--Summary, page ii.
546 |aText in English and French.
650 0|aCorporations|xTaxation|xLaw and legislation|zCanada.
650 0|aTax remission|xLaw and legislation|zCanada.
650 0|aDebt cancellation|zCanada.
655 7|aLegislative bills|2lcgft
788 |tAn Act to amend the Financial Administration Act and to make consequential amendments to other Acts (debt forgiveness registry) = |efre|w(CaOODSP)9.962708
830#0|aBill C-...|vBill C-230, 1st Session, 45th Parliament.|w(CaOODSP)9.500659
85640|qPDF|s186 KB|uhttps://publications.gc.ca/collections/collection_2026/parl/XB451-230-3.pdf
8564 |qHTML|sN/A|uhttps://www.parl.ca/documentviewer/en/45-1/bill/C-230/third-reading?col=2